[Event "1.CLZ 24/25,DP Praha-Chess club Pisek"]
[Site "Praha"]
[Date "2024.10.20"]
[Round "1.1"]
[White "Sulypa, Oleksandr"]
[Black "Miesbauer, Jan"]
[WhiteElo "2450"]
[BlackElo "2406"]
[Result "1-0"]
[PlyCount "65"]

1. Nf3 Nf6 2. c4 e6 3. g3 d5 4. Bg2 dxc4 5. Qa4+ c6 6. Qxc4 b5 7. Qb3 Nbd7 8.
d4 Bb7 9. O-O a6 10. a4 Be7 11. Bg5 O-O 12. Nbd2 Qb6 13. Ne5 Rfd8 14. Nxd7 Rxd7
15. e3 c5 16. Nc4 Qc7 17. axb5 Bxg2 18. Kxg2 Qb7+ 19. Kg1 cxd4 20. b6 Qd5 21.
Ra5 Qb7 22. exd4 Nd5 23. Bxe7 Nxe7 24. Rc5 Rb8 25. Rc1 Nc6 26. Qf3 Nxd4 27.
Qxb7 Rdxb7 28. Rd1 Rd7 29. Kf1 Rd5 30. Rxd5 exd5 31. Na5 Ne6 32. b7 Kf8 33. Rc1
 1-0

[Event "1.CLZ 24/25,DP Praha-Chess club Pisek"]
[Site "Praha"]
[Date "2024.10.20"]
[Round "1.2"]
[White "Stinka, Jakub"]
[Black "Burdalev, Kirill"]
[WhiteElo "2355"]
[BlackElo "2352"]
[Result "1/2-1/2"]
[PlyCount "81"]

1. d4 d5 2. c4 e6 3. Nc3 a6 4. cxd5 exd5 5. Nf3 c6 6. Bf4 Bd6 7. Bxd6 Qxd6 8.
e3 Ne7 9. Bd3 Bf5 10. O-O Nd7 11. Bxf5 Nxf5 12. e4 Ne7 13. e5 Qg6 14. Qb3 Rb8
15. Qa3 Nf5 16. Rfe1 Nf8 17. Ne2 Ne6 18. Rad1 h5 19. Ng3 h4 20. Nxf5 Qxf5 21.
h3 Rh6 22. Nh2 Nf4 23. Ng4 Re6 24. Kh2 Kd7 25. Re3 Qc2 26. Rde1 Qd2 27. Qc3
Qxc3 28. Rxc3 f5 29. Ne3 Rf8 30. g3 Ng6 31. Ng2 hxg3+ 32. fxg3 Rh8 33. Nf4 Nxf4
34. gxf4 Rh4 35. Rf3 Ke8 36. Rg1 Kf7 37. Rg5 g6 38. Kg3 Rh6 39. Rb3 Re7 40. a4
a5 41. Rc3 1/2-1/2

[Event "1.CLZ 24/25,DP Praha-Chess club Pisek"]
[Site "Praha"]
[Date "2024.10.20"]
[Round "1.3"]
[White "Hrabusa, Matej"]
[Black "Civin, Tomas"]
[WhiteElo "2337"]
[BlackElo "2388"]
[Result "1/2-1/2"]
[PlyCount "42"]

1. d4 d6 2. e4 g6 3. Nf3 Bg7 4. Bd3 e5 5. c3 Nc6 6. Bg5 Nf6 7. h3 h6 8. Be3 d5
9. dxe5 Nxe4 10. Bb5 O-O 11. Nbd2 Qe7 12. Bxc6 bxc6 13. O-O Re8 14. Qa4 Nxd2
15. Bxd2 c5 16. Be3 Bf5 17. Qc6 Be4 18. Bxc5 Qe6 19. Qxe6 Rxe6 20. Nd4 Rxe5 21.
f3 Bf5 1/2-1/2

[Event "1.CLZ 24/25,DP Praha-Chess club Pisek"]
[Site "Praha"]
[Date "2024.10.20"]
[Round "1.4"]
[White "Hak, David"]
[Black "Plischki, Sebastian"]
[WhiteElo "2258"]
[BlackElo "2309"]
[Result "1/2-1/2"]
[PlyCount "53"]

1. d4 Nf6 2. c4 c5 3. d5 d6 4. Nc3 g6 5. e4 Bg7 6. Bd3 O-O 7. Nge2 e6 8. Bg5
exd5 9. Nxd5 Be6 10. Qd2 Bxd5 11. exd5 Nbd7 12. h4 Ne5 13. h5 h6 14. Bh4 g5 15.
Bxg5 hxg5 16. h6 Nxd3+ 17. Qxd3 Re8 18. hxg7 Qe7 19. O-O-O Qe4 20. Qc3 Kxg7 21.
Ng3 Qf4+ 22. Kb1 Re5 23. Rh3 Rh8 24. Rxh8 Kxh8 25. a3 Kg7 26. Qc2 a6 27. Rh1
 1/2-1/2

[Event "1.CLZ 24/25,DP Praha-Chess club Pisek"]
[Site "Praha"]
[Date "2024.10.20"]
[Round "1.5"]
[White "Pachmann, Ales"]
[Black "Havlik, Jan"]
[WhiteElo "2293"]
[BlackElo "2347"]
[Result "1/2-1/2"]
[PlyCount "39"]

1. e4 c5 2. Nf3 Nc6 3. Nc3 Nf6 4. Bb5 g6 5. e5 Ng4 6. Bxc6 dxc6 7. h3 Nh6 8.
O-O Bg7 9. Ne4 b6 10. Re1 O-O 11. d4 cxd4 12. Qxd4 Qxd4 13. Nxd4 c5 14. Nc6 Re8
15. Bg5 Nf5 16. g4 Bb7 17. gxf5 Bxc6 18. Ng3 f6 19. Bf4 e6 20. fxg6 1/2-1/2

[Event "1.CLZ 24/25,DP Praha-Chess club Pisek"]
[Site "Praha"]
[Date "2024.10.20"]
[Round "1.6"]
[White "Mametev, Artem"]
[Black "Fedorov, Evgenii"]
[WhiteElo "2162"]
[BlackElo "2287"]
[Result "1-0"]
[PlyCount "64"]

1. e4 Nf6 2. e5 Nd5 3. d4 d6 4. c4 Nb6 5. f4 g6 6. Nc3 Bg7 7. Be3 Be6 8. d5 Bc8
9. Nf3 c6 10. a4 Bg4 11. h3 Bxf3 12. Qxf3 cxd5 13. O-O-O O-O 14. c5 dxc5 15. a5
d4 16. axb6 Nc6 17. Bf2 Qxb6 18. Nd5 Qa5 19. Kb1 Rac8 20. h4 e6 21. Nf6+ Bxf6
22. exf6 Nb4 23. Qb3 c4 24. Bxc4 Rxc4 25. Qxc4 Qf5+ 26. Kc1 b5 27. Qb3 Rc8+ 28.
Kd2 Rc2+ 29. Ke1 Qe4+ 30. Qe3 Qxg2 31. Rg1 Nd5 32. Qxd4 h5 1-0

[Event "1.CLZ 24/25,DP Praha-Chess club Pisek"]
[Site "Praha"]
[Date "2024.10.20"]
[Round "1.7"]
[White "Tuma, Jakub"]
[Black "Janous, Marek"]
[WhiteElo "2205"]
[BlackElo "2100"]
[Result "0-1"]
[PlyCount "58"]

1. e4 c5 2. Nf3 e6 3. d4 cxd4 4. Nxd4 Nf6 5. Nc3 Nc6 6. Nxc6 bxc6 7. Bd3 d5 8.
O-O Be7 9. Qe2 O-O 10. Rd1 a5 11. Na4 Qc7 12. c4 Ba6 13. b3 dxc4 14. bxc4 Nd7
15. Bb2 Ne5 16. Qc2 Nxd3 17. Rxd3 Rfd8 18. Rg3 f6 19. e5 f5 20. Re1 Rab8 21.
Rb3 Bb4 22. Rb1 Rd2 23. Qc1 Rbd8 24. a3 Qd7 25. h3 Rd1+ 26. Qxd1 Qxd1+ 27. Rxd1
Rxd1+ 28. Kh2 Bxc4 29. Re3 Bd2 0-1

[Event "1.CLZ 24/25,DP Praha-Chess club Pisek"]
[Site "Praha"]
[Date "2024.10.20"]
[Round "1.8"]
[White "Novotny, Michal"]
[Black "Adamek, Zdenek"]
[WhiteElo "2210"]
[BlackElo "2097"]
[Result "1-0"]
[PlyCount "57"]

1. e4 d6 2. d4 g6 3. Nc3 Bg7 4. f4 Nf6 5. Nf3 c5 6. dxc5 Qa5 7. Qd3 O-O 8. Qb5
Qc7 9. Be3 Bd7 10. Qd3 Nc6 11. O-O-O Rfd8 12. cxd6 exd6 13. Qxd6 Qc8 14. Bc4
Be8 15. Qa3 a6 16. Rxd8 Nxd8 17. Qb3 Nc6 18. Ng5 Qc7 19. Qb6 Qc8 20. Nd5 Nxd5
21. Bxd5 h6 22. Nf3 a5 23. Rd1 Ra6 24. Qc5 b6 25. Qc4 b5 26. Qc5 Bf8 27. Qc3 b4
28. Qc4 a4 29. Ne5 1-0

[Event "1.CLZ 24/25,TJ Neratovice-Lysa nad Labem B"]
[Site "Neratovice"]
[Date "2024.10.20"]
[Round "1.1"]
[White "Cheraghi, Amin"]
[Black "Vykouk, Jan"]
[WhiteElo "2315"]
[BlackElo "2480"]
[Result "1-0"]
[PlyCount "79"]

1. d4 Nf6 2. Nc3 e6 3. Bf4 b6 4. e4 d5 5. Bb5+ c6 6. Bd3 Bb4 7. e5 Nfd7 8. h4
Ba6 9. Qg4 Bf8 10. h5 Bxd3 11. cxd3 Na6 12. a3 Nc7 13. Nf3 Qc8 14. h6 g6 15.
O-O Be7 16. Rac1 O-O 17. Ne2 c5 18. Bg5 Qd8 19. Qf4 Bxg5 20. Nxg5 Rc8 21. Nf3
f6 22. Qg3 Qe7 23. dxc5 bxc5 24. b4 cxb4 25. exf6 Nxf6 26. axb4 Na6 27. b5 Nb4
28. Ne5 Qd6 29. Nd4 Rxc1 30. Rxc1 Nh5 31. Qe3 Nf4 32. g3 Nh3+ 33. Kg2 Nxf2 34.
Rf1 Rf6 35. Ndf3 Nbxd3 36. Qxa7 Qf8 37. Nxd3 Nxd3 38. Ng5 Ne1+ 39. Rxe1 Qxh6
40. Qb8+ 1-0

[Event "1.CLZ 24/25,TJ Neratovice-Lysa nad Labem B"]
[Site "Neratovice"]
[Date "2024.10.20"]
[Round "1.2"]
[White "Pulpan, Jakub"]
[Black "Kawulok, Marek"]
[WhiteElo "2392"]
[BlackElo "2204"]
[Result "1/2-1/2"]
[PlyCount "61"]

1. e4 e5 2. Nf3 Nc6 3. Bc4 Bc5 4. O-O Nf6 5. d3 d6 6. c3 a5 7. Nbd2 h6 8. Re1
O-O 9. Nf1 a4 10. Ng3 Ra5 11. d4 Bb6 12. h3 exd4 13. cxd4 Nxe4 14. Nxe4 d5 15.
Bd2 Ra8 16. Bxd5 Qxd5 17. Nc3 Qf5 18. Nxa4 Nxd4 19. Nxb6 Nxf3+ 20. Qxf3 Qxf3
21. gxf3 cxb6 22. Re7 Bxh3 23. Rxb7 Rfb8 24. Rxb8+ Rxb8 25. a4 Bd7 26. Be3 Kf8
27. b3 Ke7 28. Rc1 Be6 29. b4 Ra8 30. Bxb6 Rxa4 31. Bc5+ 1/2-1/2

[Event "1.CLZ 24/25,TJ Neratovice-Lysa nad Labem B"]
[Site "Neratovice"]
[Date "2024.10.20"]
[Round "1.3"]
[White "Skypala, Ondrej"]
[Black "Cerveny, Martin"]
[WhiteElo "2234"]
[BlackElo "2329"]
[Result "1/2-1/2"]
[PlyCount "104"]

1. c4 Nf6 2. g3 e5 3. Bg2 Bc5 4. Nc3 O-O 5. d3 c6 6. Nf3 Qe7 7. O-O h6 8. a3 d5
9. cxd5 cxd5 10. d4 exd4 11. Nxd4 Rd8 12. b4 Bxd4 13. Qxd4 Nc6 14. Qc5 Qxc5 15.
bxc5 Bf5 16. Rd1 d4 17. Nb5 Be4 18. Bb2 Bxg2 19. Kxg2 Ne4 20. Rac1 Rac8 21. f3
a6 22. Nxd4 Nxd4 23. Rxd4 Rxd4 24. Bxd4 Ng5 25. e4 Ne6 26. Be3 Rd8 27. c6 bxc6
28. Rxc6 Rd3 29. Bc1 a5 30. f4 Rb3 31. Rc4 f6 32. Kf2 Kf7 33. f5 Nd8 34. Rc7+
Kf8 35. h4 Nf7 36. Ra7 Ne5 37. Ke2 Rxg3 38. Rxa5 Rg2+ 39. Kf1 Rg4 40. Ra4 Rxh4
41. Be3 Kg8 42. Kg2 Rg4+ 43. Kh3 h5 44. Rb4 Kh7 45. a4 Nd3 46. Rc4 Ne5 47. Rb4
h4 48. Bf2 Kh6 49. Bxh4 Kh5 50. Bg3 Nf3 51. Bd6 Ng5+ 52. Kh2 Nf3+ 1/2-1/2

[Event "1.CLZ 24/25,TJ Neratovice-Lysa nad Labem B"]
[Site "Neratovice"]
[Date "2024.10.20"]
[Round "1.4"]
[White "Suran, Jan"]
[Black "Orsag, Milan"]
[WhiteElo "2374"]
[BlackElo "2234"]
[Result "1/2-1/2"]
[PlyCount "56"]

1. e4 c5 2. Nf3 e6 3. b3 b6 4. Bb2 Bb7 5. Nc3 a6 6. d4 cxd4 7. Nxd4 Qc7 8. Qd2
Nf6 9. f3 Nc6 10. Nxc6 Bxc6 11. O-O-O b5 12. Kb1 Be7 13. Bd3 O-O 14. e5 Qxe5
15. Nxb5 Qb8 16. Nd4 Bb7 17. Rhe1 Re8 18. g4 Qc7 19. c4 d5 20. g5 Nd7 21. f4
Nc5 22. cxd5 Nxd3 23. Qxd3 Bb4 24. Nc2 Bxe1 25. d6 Qc5 26. Rxe1 Red8 27. Be5
Bd5 28. Ne3 Rxd6 1/2-1/2

[Event "1.CLZ 24/25,TJ Neratovice-Lysa nad Labem B"]
[Site "Neratovice"]
[Date "2024.10.20"]
[Round "1.5"]
[White "Mik, Tomas"]
[Black "Mikes, Jan"]
[WhiteElo "2108"]
[BlackElo "2349"]
[Result "0-1"]
[PlyCount "72"]

1. e4 c5 2. Nf3 Nc6 3. d4 cxd4 4. Nxd4 e5 5. Nf5 d5 6. exd5 Bxf5 7. dxc6 Qxd1+
8. Kxd1 bxc6 9. Nc3 O-O-O+ 10. Bd2 Nf6 11. Ba6+ Kb8 12. f3 e4 13. fxe4 Bxe4 14.
Bd3 Bxg2 15. Bf4+ Bd6 16. Bxd6+ Rxd6 17. Rg1 Bf3+ 18. Kd2 Rg8 19. Rae1 Bh5 20.
Kc1 Bg6 21. Re7 Bxd3 22. cxd3 Rd7 23. Re3 g6 24. Rf3 Nd5 25. Ne4 Rgd8 26. Nc5
Re7 27. d4 f5 28. Nd3 Re4 29. Ne5 Ne7 30. Rc3 Rdxd4 31. Nxc6+ Nxc6 32. Rxc6
Rc4+ 33. Rxc4 Rxc4+ 34. Kd2 Rh4 35. Rg2 Kc7 36. Ke3 Kd6 0-1

[Event "1.CLZ 24/25,TJ Neratovice-Lysa nad Labem B"]
[Site "Neratovice"]
[Date "2024.10.20"]
[Round "1.6"]
[White "Spacek, Petr"]
[Black "Novotny, Martin"]
[WhiteElo "2288"]
[BlackElo "2100"]
[Result "1-0"]
[PlyCount "101"]

1. d4 Nf6 2. Nf3 e6 3. Bg5 c5 4. d5 exd5 5. e3 d6 6. Nc3 Be6 7. Bb5+ Nc6 8.
Bxf6 gxf6 9. O-O a6 10. Be2 Ne7 11. Ne1 Qb6 12. Bf3 Qxb2 13. Qd2 Qxa1 14. Nd3
Qxf1+ 15. Kxf1 Bh6 16. Nf4 Bxf4 17. exf4 d4 18. Ne4 Bc4+ 19. Kg1 O-O-O 20. Nxf6
Ng8 21. Ne4 f5 22. Ng3 Nh6 23. h3 Rhe8 24. Qa5 Rd7 25. Qa4 Bb5 26. Qa5 Rc7 27.
Qd2 Rd8 28. Bd5 Bc6 29. Be6+ Bd7 30. Qe2 Kb8 31. Bxd7 Rdxd7 32. Qh5 Nf7 33.
Qxh7 d5 34. Qxf5 c4 35. Ne2 d3 36. cxd3 Re7 37. Nc3 d4 38. Nd5 c3 39. Nb4 c2
40. Nxc2 Rxc2 41. Qd5 Ree2 42. Qxf7 Rxf2 43. Qd5 Rfd2 44. Qd8+ Rc8 45. Qxd4
Rxa2 46. f5 Rcc2 47. Qd5 Rxg2+ 48. Qxg2 Rxg2+ 49. Kxg2 Kc7 50. h4 b5 51. Kf3
 1-0

[Event "1.CLZ 24/25,TJ Neratovice-Lysa nad Labem B"]
[Site "Neratovice"]
[Date "2024.10.20"]
[Round "1.7"]
[White "Purnoch, Josef"]
[Black "Neckar, Lubomir"]
[WhiteElo "2099"]
[BlackElo "2225"]
[Result "1/2-1/2"]
[PlyCount "117"]

1. d4 Nf6 2. c4 e6 3. Nc3 Bb4 4. a3 Bxc3+ 5. bxc3 Nc6 6. f3 b6 7. e4 Ba6 8. Bd3
Na5 9. Qe2 c5 10. d5 d6 11. dxe6 fxe6 12. Bf4 e5 13. Bg5 h6 14. Bh4 g5 15. Bf2
Qd7 16. h4 O-O-O 17. Be3 Nh5 18. Rh3 Nf4 19. Bxf4 gxf4 20. g3 Rhg8 21. Kf2
fxg3+ 22. Rxg3 Rxg3 23. Kxg3 Rg8+ 24. Kh2 Qe7 25. Qf2 Bxc4 26. Bxc4 Nxc4 27.
Nh3 Kb7 28. a4 Na5 29. Rg1 Rxg1 30. Qxg1 Qf6 31. Qg4 Kc7 32. f4 Nc6 33. f5 Ne7
34. Ng5 hxg5 35. hxg5 Qf7 36. Kg3 Ng8 37. Qh4 Qg7 38. Kf3 Kc6 39. Qh5 Kd7 40.
Ke3 a6 41. c4 Ke7 42. Kd3 Kf8 43. Kc3 Qf7 44. Qh8 Qd7 45. f6 Qf7 46. Qh4 Qg6
47. Kd3 Kf7 48. Ke2 Nxf6 49. gxf6 Qxf6 50. Qh7+ Qg7 51. Qf5+ Ke7 52. Qc8 Qg2+
53. Ke3 Qg3+ 54. Ke2 Qh2+ 55. Kd3 Qg3+ 56. Ke2 Qg2+ 57. Ke3 Qg1+ 58. Ke2 Qd4
59. Qc7+ 1/2-1/2

[Event "1.CLZ 24/25,TJ Neratovice-Lysa nad Labem B"]
[Site "Neratovice"]
[Date "2024.10.20"]
[Round "1.8"]
[White "Juptner, Jan"]
[Black "Veny, Jaume"]
[WhiteElo "2226"]
[BlackElo "1950"]
[Result "1-0"]
[PlyCount "85"]

1. d4 Nf6 2. c4 c5 3. d5 e6 4. Nc3 exd5 5. cxd5 d6 6. e4 g6 7. Nf3 Bg7 8. Nd2
O-O 9. Be2 Na6 10. O-O Nc7 11. a4 Re8 12. f3 Rb8 13. Nc4 b6 14. Nb5 Nxb5 15.
axb5 a6 16. bxa6 b5 17. Na5 Qb6 18. Nc6 Ra8 19. Bf4 Bf8 20. Qd2 Bxa6 21. Be3 b4
22. Bxa6 Rxa6 23. Qd3 Rea8 24. Rac1 Nd7 25. f4 Bg7 26. e5 Ra2 27. b3 Rb2 28.
Rf2 Raa2 29. Rxb2 Rxb2 30. exd6 Bc3 31. Qc4 Ra2 32. f5 Ra8 33. fxg6 hxg6 34.
Qg4 Nf6 35. Qg5 Ra1 36. Rxa1 Bxa1 37. h3 Bc3 38. Bf2 Ne4 39. Qe3 f5 40. d7 Bf6
41. Qh6 g5 42. Qg6+ Kf8 43. Qxf5 1-0

[Event "1.CLZ 24/25,Sokol Vysehrad-Spartak Vlasim"]
[Site "Praha"]
[Date "2024.10.20"]
[Round "1.1"]
[White "Vlasak, Lukas"]
[Black "Mladek, Richard"]
[WhiteElo "2461"]
[BlackElo "2386"]
[Result "1/2-1/2"]

1. c4 c5 2. Nf3 g6 3. Nc3 Bg7 4. g3 Nc6 5. Bg2 d6 6. O-O Bf5 7. d3 Qd7 8. Re1
Bh3 9. Bh1 h6 10. Rb1 Nf6 11. a3 a5 12. Bd2 O-O 13. Nd5 1/2-1/2

[Event "1.CLZ 24/25,Sokol Vysehrad-Spartak Vlasim"]
[Site "Praha"]
[Date "2024.10.20"]
[Round "1.2"]
[White "Rydl, Jiri"]
[Black "Vavra, Pavel"]
[WhiteElo "2410"]
[BlackElo "2304"]
[Result "0-1"]

1. c4 c6 2. Nf3 d5 3. g3 Nf6 4. Bg2 dxc4 5. O-O Nbd7 6. Na3 Nb6 7. Qc2 Be6 8.
b3 cxb3 9. axb3 g6 10. Bb2 Bg7 11. Nc4 O-O 12. e4 Ne8 13. d4 Nd6 14. Na5 Qc8
15. Rfc1 f6 16. Ne1 Bh3 17. Bh1 e5 18. Nd3 Re8 19. Nc5 Nd7 20. b4 exd4 21. Bxd4
Nb5 22. Bb2 Nxc5 23. bxc5 Qc7 24. Rd1 Rad8 25. Nc4 Bg4 26. f3 Be6 27. f4 Rxd1+
28. Rxd1 Rd8 29. Rd3 Rxd3 30. Qxd3 Bf8 31. f5 Bxc5+ 32. Kf1 gxf5 33. exf5 Qd7
34. Be4 Qxd3+ 35. Bxd3 Bxc4 36. Bxc4+ Kg7 37. g4 Bd4 38. Bc1 a5 39. h4 Nc3 40.
Be6 a4 41. Bd7 b5 42. Bb2 b4 43. Bxc3 bxc3 44. Ke2 a3 45. Be6 h6 46. Kd3 Kf8
47. Kc2 Ke7 48. Bb3 Kd6 49. Kb1 Ke5 50. Ka2 Kf4 51. h5 Kxg4 52. Bd1+ Kxf5 53.
Kxa3 0-1

[Event "1.CLZ 24/25,Sokol Vysehrad-Spartak Vlasim"]
[Site "Praha"]
[Date "2024.10.20"]
[Round "1.3"]
[White "Bujnoch, Radek"]
[Black "Vojta, Jakub"]
[WhiteElo "2315"]
[BlackElo "2258"]
[Result "0-1"]

1. d4 Nf6 2. c4 e6 3. Nf3 d5 4. Nc3 dxc4 5. e4 b5 6. e5 Nd5 7. Nxb5 Nb6 8. Be2
Be7 9. O-O Nc6 10. Be3 O-O 11. Qc1 Rb8 12. Nc3 Bb7 13. Rd1 Nb4 14. Nd2 Nd3 15.
Qb1 Ba6 16. Nxc4 Nxc4 17. Bxd3 Rxb2 18. Qc1 Qb8 19. Bg5 Bxg5 20. Qxg5 h6 21.
Qg4 Qb4 22. Ne4 Bb7 23. Nf6+ Kh8 24. Nh5 Rg8 25. Nf4 Rf8 26. Nh5 Rg8 27. Qf4
Nb6 28. Qxf7 Qf8 29. Qf4 Nd5 30. Qg3 g6 31. Bxg6 Ne7 32. Nf4 Nxg6 33. Nxe6 Qf5
34. Qe3 Kh7 35. d5 Nh4 36. Nf4 Rb4 37. Rac1 Rxf4 38. Rxc7+ Kh8 39. g3 Qh3 0-1

[Event "1.CLZ 24/25,Sokol Vysehrad-Spartak Vlasim"]
[Site "Praha"]
[Date "2024.10.20"]
[Round "1.4"]
[White "Zvolensky, David"]
[Black "Vichnar, David"]
[WhiteElo "2139"]
[BlackElo "2301"]
[Result "1/2-1/2"]

1. e4 c5 2. Nf3 e6 3. d4 cxd4 4. Nxd4 Nc6 5. Nc3 Qc7 6. Be3 a6 7. Qf3 Nf6 8.
O-O-O Nxd4 9. Bxd4 e5 10. Be3 d6 11. Qg3 Be6 12. Bg5 Rc8 13. Bxf6 gxf6 14. Bd3
Qa5 15. Nd5 Bxd5 16. exd5 Qxa2 17. Qh4 h5 18. Kd2 Bh6+ 19. Ke2 Ke7 20. Qe4 Rc5
21. b4 Rc7 22. Ra1 Qb2 23. Rab1 Qc3 24. Rhd1 Rd7 25. Rb3 Qc8 26. b5 Rc7 27.
bxa6 bxa6 28. Ra1 Qg4+ 29. Qxg4 hxg4 30. Rxa6 Bf4 31. g3 e4 32. Bxe4 Be5 33.
Bf5 Rh5 34. Bxg4 Rg5 35. Bh3 Rxc2+ 36. Kd3 Rxf2 37. Rb7+ Kf8 38. Be6 Kg7 39.
Rxf7+ Kg6 40. Ra8 f5 41. Rg8+ Kh6 42. Rh7+ Kxh7 43. Rxg5 Rxh2 44. Bxf5+ Kh8 45.
Be6 Rg2 46. g4 Rg1 47. Ke2 Ra1 48. Kd3 Ra7 49. Rxe5 dxe5 50. Ke4 Kg7 51. Kxe5
Ra5 52. Kf5 Rc5 53. g5 Rc2 54. d6 Rf2+ 55. Kg4 Rg2+ 56. Kf4 Rf2+ 57. Ke3 Rf8
58. d7 Kg6 59. Ke4 Kxg5 60. Ke5 Rd8 1/2-1/2

[Event "1.CLZ 24/25,Sokol Vysehrad-Spartak Vlasim"]
[Site "Praha"]
[Date "2024.10.20"]
[Round "1.5"]
[White "Serrano, Salvador"]
[Black "Pychova, Nela"]
[WhiteElo "2273"]
[BlackElo "2104"]
[Result "1/2-1/2"]

1. d4 Nf6 2. Nf3 e6 3. c4 Bb4+ 4. Nbd2 O-O 5. a3 Bxd2+ 6. Bxd2 Ne4 7. g3 d6 8.
Bg2 Nd7 9. O-O Qe7 10. Rc1 a5 11. b4 axb4 12. axb4 f5 13. c5 Ndf6 14. Qc2 Bd7
15. Ra1 Bb5 16. Bg5 h6 17. Bxf6 Qxf6 18. Rfc1 g5 19. e3 g4 20. Nd2 d5 21. h4
gxh3 22. Bxh3 Ng5 23. Bf1 Bxf1 24. Kxf1 c6 25. Qb2 Qg6 26. Kg2 Rxa1 27. Qxa1
Ne4 28. Nxe4 fxe4 29. Rf1 h5 30. Qa5 Qf7 31. Qa4 Qf3+ 32. Kh2 Qg4 33. Qa5 h4
34. Qc7 Rf7 35. Qd8+ Kg7 36. gxh4 Kh7 37. Qg5 Qxg5 38. hxg5 Kg6 39. Kg3 Kxg5
40. Ra1 Rf8 41. Ra7 Rb8 42. b5 cxb5 43. Ra5 Rg8 44. Rxb5 Kf5+ 45. Kh3 Rg7 46.
Rb6 Kf6 47. Rd6 Ke7 48. Kh2 Rh7+ 49. Kg2 Rg7+ 50. Kf1 Kf6 51. Ke2 Kf5 52. Rd8
Rc7 53. Kd2 Kg4 54. Rf8 b6 55. Rf6 bxc5 56. dxc5 Rxc5 57. Rxe6 Kf5 1/2-1/2

[Event "1.CLZ 24/25,Sokol Vysehrad-Spartak Vlasim"]
[Site "Praha"]
[Date "2024.10.20"]
[Round "1.6"]
[White "Dudek, Vojtech"]
[Black "Netusil, Miloslav"]
[WhiteElo "2121"]
[BlackElo "2166"]
[Result "1-0"]

1. d4 d5 2. Bf4 Bf5 3. e3 e6 4. c4 Bxb1 5. Qa4+ Nc6 6. Rxb1 Bb4+ 7. Kd1 dxc4 8.
Nf3 a6 9. Qc2 Bd6 10. Bxd6 cxd6 11. Qxc4 Nf6 12. Bd3 O-O 13. Ke2 d5 14. Qa4 Ne4
15. Qb3 Rb8 16. Rbc1 f5 17. Qa4 f4 18. b4 fxe3 19. fxe3 Qe8 20. Qb3 Kh8 21.
Rcf1 Qh5 22. Ke1 Rbc8 23. Bxe4 dxe4 24. Nd2 Rfd8 25. Nxe4 Qh4+ 26. Ng3 e5 27.
Ke2 Qg4+ 28. Ke1 exd4 29. Rf4 Qg6 30. e4 Qd6 31. Rhf1 Nxb4 32. Nf5 Qc5 33. Kf2
d3+ 34. Kg3 d2 35. R4f3 Nc2 36. Qf7 Qe5+ 37. Kh3 Ne1 38. Rg3 d1=Q 39. Rxg7 Rc3+
40. g3 Qxf5+ 41. Rxf5 1-0

[Event "1.CLZ 24/25,Sokol Vysehrad-Spartak Vlasim"]
[Site "Praha"]
[Date "2024.10.20"]
[Round "1.7"]
[White "Sedy, Pavel"]
[Black "Vojta, Tomas"]
[WhiteElo "2144"]
[BlackElo "2324"]
[Result "0-1"]

1. d4 d5 2. c4 Nc6 3. Nf3 Bg4 4. cxd5 Bxf3 5. gxf3 Qxd5 6. e3 e5 7. Nc3 Bb4 8.
Bd2 Bxc3 9. bxc3 Qd6 10. Bg2 Nge7 11. O-O O-O 12. f4 exf4 13. e4 Rad8 14. Rb1
b6 15. Qg4 Ng6 16. Bc1 Qe6 17. Qxe6 fxe6 18. e5 Nce7 19. Ba3 Rf7 20. Be4 Nh4
21. Rbd1 Nd5 22. Rd3 b5 23. Rb1 a6 24. Bxd5 Rxd5 25. c4 Rd8 26. cxb5 axb5 27.
Rxb5 Rfd7 28. Bc5 Nf5 29. Rb4 Rd5 30. Rc3 Nxd4 31. Rxd4 Rxd4 32. Bxd4 Rxd4 33.
Rxc7 Rd5 34. Rc4 g5 35. Kg2 Kf7 36. h4 h6 37. hxg5 hxg5 38. Kf3 Kg6 39. Kg4 Rd1
40. a4 Rg1+ 41. Kf3 Kf5 42. Rc5 g4+ 43. Ke2 Ra1 44. a5 f3+ 45. Ke3 Ra2 46. Rc4
Ra3+ 47. Kd4 Rxa5 48. Rc8 Rd5+ 49. Kc3 Rxe5 50. Kd4 Re4+ 51. Kd3 Re2 52. Rf8+
Ke5 53. Rg8 Rxf2 54. Rxg4 Re2 55. Rg8 Kf4 56. Rg7 e5 57. Rf7+ Kg3 58. Rg7+ Kf2
59. Rg8 e4+ 60. Kd4 e3 61. Ke4 Ra2 0-1

[Event "1.CLZ 24/25,Sokol Vysehrad-Spartak Vlasim"]
[Site "Praha"]
[Date "2024.10.20"]
[Round "1.8"]
[White "Krizek, Krystof"]
[Black "Verner, Matej"]
[WhiteElo "1988"]
[BlackElo "2060"]
[Result "1-0"]

1. d4 d5 2. Nf3 c5 3. c4 e6 4. Nc3 cxd4 5. Nxd4 e5 6. Nf3 d4 7. Nd5 Nf6 8. e4
Nc6 9. Bd3 a5 10. O-O Be7 11. h3 O-O 12. Rb1 Nd7 13. b3 Nc5 14. g4 h5 15. Ne1
Nb4 16. Ba3 Nxd5 17. cxd5 Nxd3 18. Bxe7 Qxe7 19. Nxd3 Ra6 20. f3 hxg4 21. hxg4
f5 22. Rb2 Rh6 23. Rg2 Rh3 24. Nf2 fxg4 25. Nxh3 gxh3 26. Rg3 Bd7 27. Kh2 Rf7
28. Qd2 b6 29. Rc1 Qd6 30. Qg5 Qb4 31. Rc2 d3 32. Rc1 Qd4 33. Qd2 Kh7 34. Rc3
a4 35. Rxd3 Qc5 36. Rc3 Qb4 37. Rc2 Qb5 38. Qe2 Qb4 39. Rc4 Qb5 40. Qb2 axb3
41. axb3 Qa5 42. Rc1 b5 43. b4 Qb6 44. Rc5 Qh6 45. Rc2 Qd6 46. Qc3 Qf6 47. Ra2
Qd6 48. Qd2 Rf4 49. Ra1 Rf7 50. Qc3 Qf6 51. Rag1 Qd6 52. Rg5 Qb6 53. Qc5 Qf6
54. Qf2 Qh6 55. Qg3 Bc8 56. Qxe5 Ra7 57. Rh5 1-0

[Event "1.CLZ 24/25,MGMBA Unichess-Ricany 1925"]
[Site "Praha"]
[Date "2024.10.20"]
[Round "1.1"]
[White "Michalik, Peter"]
[Black "Nemec, Jachym"]
[WhiteElo "2564"]
[BlackElo "2398"]
[Result "1/2-1/2"]
[PlyCount "63"]

1. d4 Nf6 2. c4 e6 3. g3 d5 4. Bg2 Bb4+ 5. Nd2 O-O 6. Ngf3 a5 7. O-O a4 8. a3
Be7 9. Qc2 Nc6 10. Rd1 Bd7 11. e4 h6 12. h3 Re8 13. Rb1 Qc8 14. e5 Nh7 15. Nf1
dxc4 16. Qxc4 Na5 17. Qc2 Bc6 18. Be3 Rd8 19. N1d2 Qd7 20. Rbc1 Rac8 21. h4 Nf8
22. Ne1 Bxg2 23. Nxg2 b6 24. Ne4 Nb3 25. Rb1 Qe8 26. Qe2 c5 27. dxc5 Nxc5 28.
Bxc5 Bxc5 29. Nf4 Qc6 30. Rbc1 Rxd1+ 31. Rxd1 Be7 32. Rd3 1/2-1/2

[Event "1.CLZ 24/25,MGMBA Unichess-Ricany 1925"]
[Site "Praha"]
[Date "2024.10.20"]
[Round "1.2"]
[White "Smolik, Jachym"]
[Black "Kourousis, Epameinondas"]
[WhiteElo "2319"]
[BlackElo "2372"]
[Result "0-1"]
[PlyCount "140"]

1. d4 Nf6 2. c4 e6 3. Nc3 Bb4 4. e3 O-O 5. Nge2 c6 6. a3 Ba5 7. Bd2 d5 8. Ng3
Nbd7 9. cxd5 exd5 10. Bd3 Re8 11. O-O Nf8 12. f3 Bc7 13. Rc1 h5 14. Qe1 Qd6 15.
Rf2 Ne6 16. Qd1 g6 17. Qc2 a6 18. Nce2 h4 19. Nf1 Bb6 20. h3 Kh7 21. Kh1 Bd7
22. Bb4 Qc7 23. Bc3 Rac8 24. b4 Ng7 25. e4 Nfh5 26. e5 Rxe5 27. f4 Rf5 28. Bxf5
Bxf5 29. Qd2 Nf6 30. Qe1 Be4 31. Ne3 Qd7 32. Ng1 Re8 33. Re2 Nfh5 34. Qxh4 Bd8
35. Qf2 Bc7 36. Ng4 Nf5 37. Kh2 Nxf4 38. Nf6+ Kg7 39. Nxd7 Nd3+ 40. Ne5 Nxf2
41. Rxf2 f6 42. Ngf3 Bxf3 43. Rxf3 fxe5 44. dxe5 d4 45. Bd2 Bxe5+ 46. Bf4 Bxf4+
47. Rxf4 Re2 48. Rd1 Ra2 49. Rf3 Rc2 50. Kg1 b6 51. Rf2 Rc3 52. a4 a5 53. bxa5
bxa5 54. Rfd2 c5 55. Kf2 Kf6 56. Rb1 Ke5 57. Re2+ Kd5 58. Rb8 d3 59. Rd8+ Kc4
60. Rd2 Nd4 61. Ke3 Rc1 62. h4 Re1+ 63. Kf2 Re4 64. Rd1 Kc3 65. Rd5 c4 66. Rc1+
Kb3 67. Rd7 d2 68. Rb7+ Ka2 69. Rd1 c3 70. g4 Re2+ 0-1

[Event "1.CLZ 24/25,MGMBA Unichess-Ricany 1925"]
[Site "Praha"]
[Date "2024.10.20"]
[Round "1.3"]
[White "Cernousek, Lukas"]
[Black "Seidl, Jan"]
[WhiteElo "2448"]
[BlackElo "2256"]
[Result "1/2-1/2"]
[PlyCount "75"]

1. e4 c6 2. d4 d5 3. e5 Bf5 4. Nf3 e6 5. Be2 c5 6. c3 cxd4 7. Nxd4 Ne7 8. O-O
Nbc6 9. Nxf5 Nxf5 10. Bd3 g6 11. Qe2 Bg7 12. f4 O-O 13. Kh1 f6 14. g4 Nh4 15.
exf6 Qxf6 16. Be3 e5 17. Nd2 Rae8 18. fxe5 Qxe5 19. Rae1 Rxf1+ 20. Qxf1 Qf6 21.
Qf2 Qxf2 22. Bxf2 Rxe1+ 23. Bxe1 Bf6 24. Bc2 Kf7 25. Bb3 Ke6 26. Ne4 Nf3 27.
Nxf6 Kxf6 28. Bg3 Ke6 29. Bd1 Nd2 30. Be2 Ne5 31. Bf2 a6 32. Kg2 Ndc4 33. b3
Nd6 34. Bd4 Ne4 35. c4 dxc4 36. bxc4 Nd2 37. c5 Kd5 38. Bxe5 1/2-1/2

[Event "1.CLZ 24/25,MGMBA Unichess-Ricany 1925"]
[Site "Praha"]
[Date "2024.10.20"]
[Round "1.4"]
[White "Prazak, Daniel"]
[Black "Simek, Petr"]
[WhiteElo "2290"]
[BlackElo "2321"]
[Result "1-0"]
[PlyCount "47"]

1. e4 c5 2. Nf3 d6 3. d4 cxd4 4. Nxd4 Nf6 5. f3 e5 6. Nb3 d5 7. Bg5 d4 8. c3
Nc6 9. Bb5 Qb6 10. Bxc6+ bxc6 11. cxd4 Ba6 12. Na3 Rd8 13. Rc1 exd4 14. Nc4 Qb5
15. e5 Bb4+ 16. Kf2 O-O 17. a3 Bc5 18. exf6 Bxa3 19. fxg7 Rfe8 20. Bxd8 Bxb2
21. Rc2 Qxb3 22. Rxb2 Qxc4 23. Bf6 d3 24. Qc1 1-0